| 000 | 02675nam a22005777a 4500 | ||
|---|---|---|---|
| 003 | AR-RoUNA | ||
| 005 | 20250409172321.0 | ||
| 008 | 250409b |||||||| |||| 00| 0 spa d | ||
| 040 |
_aAR-RoUNA _bspa _dAR-RoUNA |
||
| 041 |
_aspa _hspa |
||
| 044 | _aag | ||
| 245 | 1 |
_aPrograma URB-AL : _bProyecto Rosario SUMA. una solucion urbana desde una mirada alternativa / _c editor Josep Mª Llop Torne; Municipalidad de Rosario |
|
| 260 |
_aRosario, (Sta Fe, Argentina) : _bURB-AL, _c2007 |
||
| 300 |
_a71 p.: _bfot. col. _bplanos _c27x21 cm |
||
| 505 | 0 | _tINDICE | |
| 505 | 0 | _t01. Proyecto URB-AL Rosario Suma | |
| 505 | 0 | _aIntroduccion Arq. Josep Mª Llop | |
| 505 | 0 | _aAntecedentes | |
| 505 | 0 | _aBescripcion del proyecto URB-AL | |
| 505 | 0 | _t02. Participacion de las ciudades socias en el marco del proyecto Rosario Suma | |
| 505 | 0 | _tCiudad de Cagliari | |
| 505 | 0 | _aCaracterizacion de la ciudad | |
| 505 | 0 | _aPolitica referida a los espacios publicos | |
| 505 | 0 | _aDescripcion del proyecto Sardegna | |
| 505 | 0 | _tCiudad Lleida | |
| 505 | 0 | _aCaracterizacion de la ciudad | |
| 505 | 0 | _aPolitica referida a los espacios publicos | |
| 505 | 0 | _aDescripcion del proyecto: Sumar el Parc Gardeny a la ciudad de Lleida | |
| 505 | 0 | _tCiudad de Montevideo | |
| 505 | 0 | _aCaracterizacion de la ciudad | |
| 505 | 0 | _aPolitica referida a los espacios publicos | |
| 505 | 0 | _aDescripcion del proyecto: Plan especial Arroyo Miguelete (PEAM) | |
| 505 | 0 | _tCiudad de Rosario | |
| 505 | 0 | _aCaracterizacion de la ciudad | |
| 505 | 0 | _aPolitica referida a los espacios publicos | |
| 505 | 0 | _aDescripcion del Proyecto Hipolito Yrigoyen | |
| 505 | 0 | _tCiudad de Sao Paulo | |
| 505 | 0 | _aCaracterizacion de la ciudad | |
| 505 | 0 | _aPolitica referida a los espacios publicos | |
| 505 | 0 | _aDescripcion del proyecto: Programa Munumental / Jardin de la Luz | |
| 505 | 0 | _tReflexiones finales Arq. Mirta Levin | |
| 520 | 0 | _aEl proyecto comun de tipo B, R7-B1-03 "Rosario Suma. Una Solucion Urbana desde una Mirada Alternativa"; forma parte de la Red Nº 7 "Control y Gestion de la Urbanizacion" del programa URB-AL, subvencionado por la Union Europea. En el proyecto participaron 4 ciudades socias: Lleida (España), Regione Autonoma della Sardegna (Italia), Sao Paulo (Brasil), Montevideo (Uruguay) y Rosario (Argentina), esta ultima como ciudad coordinadora. | |
| 600 | 0 |
_aLlop Torne, Josep Mª _earq _927023 |
|
| 650 |
_aUrbanizacion _vProyectos |
||
| 650 |
_aOrdenamiento territorial _vMetodologia |
||
| 908 | _aImp | ||
| 930 | _e12178 | ||
| 942 |
_2ddc _cLIB |
||
| 945 |
_aMIA _d2025-04-09 |
||
| 980 |
_61 _aMaricel Allasia _81 _gMaricel Allasia |
||
| 999 |
_c11901 _d11901 |
||